000 00689nam a22002057a 4500
999 _c6224
_d6224
003 AR-CdUCM
008 190314b ||||| |||| 00| 0 spa d
020 _a9972-688-12-7
040 _aMUNICIPALIDAD PROVINCIAL DEL CUSCO
_cBIBLIOTECA MUNICIPAL DEL CUSCO
082 _a808.5 /
_bI29
100 _aIldefonso, Miguel
_917938
245 _aCanciones de una bar en la frontera :
260 _aLima
_bEdiciones el Santo oficio
_c2001
300 _a73 paginas ;
_c22 cm.
505 _aContenido: El viaje -- La noche depende de tu luz -- Bar Hemingway -- Cordova lejana y sola ...
650 _aCanciones Peruanas
_917939
650 _aSiglo XX
_98
942 _2ddc
_cLIBROS
945 _aAlvina